Dessins animés des années 1990/2010 - Statistiques

Statistiques générales
  • Ce quiz a été pris 1 276 fois
    1 196 depuis la dernière actualisation
  • Le résultat moyen est 20 sur 82
Statistiques - réponses
Hint Réponse % Correct
34 Pokemon
64%
45 Tom Sawyer
60%
17 Totally spies
59%
49 Foot 2 rue
58%
13 Dora
53%
1 Scooby Doo
48%
63 Olive et Tom
47%
47 Code Lyoko
45%
18 Titeuf
45%
20 Oggy et les cafards
44%
15 Winx Club
43%
2 Dragon Ball Z
42%
28 Ratz
42%
8 Les zinzins de l'espace
41%
72 Martin Mystère
41%
9 Tom et Jerry
41%
12 Bob l'éponge
40%
14 Franklin
39%
6 Oui oui
39%
61 Martin matin
38%
5 Inspecteur Gadget
35%
31 Marsupilami
33%
71 Yu Gi Oh
33%
37 Barbapapa
32%
30 Corneil et Bernie
32%
62 Garfield
31%
16 Marcelino
29%
19 Cédric
28%
56 Beyblade
27%
11 Babar
26%
54 Titi et grosminet
26%
23 Les razmoket
25%
21 One piece
25%
55 Albator
24%
42 Les malheurs de Sophie
24%
70 Tom tom et nana
24%
3 Lucky Luke
22%
10 Petit ours Brun
22%
82 Clifford le gros chien rouge
21%
7 La panthère rose
20%
22 Le bus magique
20%
48 Teletubbies
20%
4 Tortues Ninja
20%
33 Yakari
20%
46 Hamtaro
19%
40 Jimmy Neutron
19%
24 Maya l'abeille
19%
26 Famille pirate
18%
51 Il était une fois...
18%
29 Kim possible
18%
39 La famille de la jungle
18%
25 Power Rangers
18%
80 Shuriken School
18%
43 Les supers nanas
17%
66 Kangoo
16%
81 Le laboratoire de Dexter
16%
76 Looney tunes
16%
38 Bonne nuit les petits
15%
52 Mes parrains sont magiques
15%
67 Atomic Betty
14%
73 La cour de récré
14%
27 Sourire d'enfer
14%
65 Les aventures de Tintin
13%
75 Casper le gentil fantôme
12%
74 Les Schtroumpfs
12%
44 Bouba
11%
41 Bip bip et coyotte
10%
32 Spirou
9%
60 Hé Arnold
8%
79 Kangoo Junior
7%
78 Woody Woodpecker
7%
58 Arthur
6%
57 Mona la vampire
6%
59 Petit potam
6%
68 Rollie Polie Olie
6%
36 Doug
4%
64 Les histoires du père Castor
4%
53 Pingu
4%
50 Les tiny toons
3%
69 SOS Fantômes
3%
35 Taz Mania
3%
77 Ginger
2%
Aucun quiz correspondant
Distribution des résultats
% des personnes avec chaque résultat
Percentile par nombre de réponses
Votre historique - résultats
Vous n’avez pas pris ce quiz depuis la dernière actualisation